The Epistle to the Romans : (Record no. 2439)

MARC details
000 -LEADER
fixed length control field 01107cam a2200289 a 4500
001 - CONTROL NUMBER
control field 92569
003 - CONTROL NUMBER IDENTIFIER
control field GBCCL
005 - DATE AND TIME OF LATEST TRANSACTION
control field 20241126110429.0
008 - FIXED-LENGTH DATA ELEMENTS--GENERAL INFORMATION
fixed length control field 950627r19971959miu 001 0 eng d
020 ## - INTERNATIONAL STANDARD BOOK NUMBER
International Standard Book Number 0802843417
035 ## - SYSTEM CONTROL NUMBER
System control number (OCoLC)ocm38316761
040 ## - CATALOGING SOURCE
Original cataloging agency BWE
Transcribing agency BWE
Modifying agency OCL
-- LBB
049 ## -
-- LBBK
050 1# -
-- BS2665.3
-- .M8 1997
082 ## - DEWEY DECIMAL CLASSIFICATION NUMBER
Classification number 227.107
Item number MUR
100 1# - MAIN ENTRY--PERSONAL NAME
Personal name Murray, John,
Dates associated with a name 1898-1975.
9 (RLIN) 630
245 14 - TITLE STATEMENT
Title The Epistle to the Romans :
Remainder of title the English text with introduction, exposition, and notes /
Statement of responsibility, etc. John Murray.
250 ## - EDITION STATEMENT
Edition statement Paperback ed.
260 ## - PUBLICATION, DISTRIBUTION, ETC.
Place of publication, distribution, etc. Grand Rapids, Mich. :
Name of publisher, distributor, etc. Wm. B. Eerdmans,
Date of publication, distribution, etc. 1997.
300 ## - PHYSICAL DESCRIPTION
Extent 2 v. in 1 ;
Dimensions 24 cm.
500 ## - GENERAL NOTE
General note Originally published as 2 separate volumes; v. 1 was published in 1959 and v. 2 in 1965.
500 ## - GENERAL NOTE
General note Formerly a volume in the series: New international commentary on the New Testament--Cf. Publisher's note, p. [iv].
504 ## - BIBLIOGRAPHY, ETC. NOTE
Bibliography, etc. note Includes bibliographical references and indexes.
630 00 - SUBJECT ADDED ENTRY--UNIFORM TITLE
Uniform title Bible.
Name of part/section of a work N.T.
-- Romans
Form subdivision Commentaries.
9 (RLIN) 3097
830 #0 -
-- New international commentary on the New Testament.
-- 5047
942 ## - ADDED ENTRY ELEMENTS (KOHA)
Source of classification or shelving scheme Dewey Decimal Classification
Koha item type Books
Koha issues (borrowed), all copies 7
Holdings
Withdrawn status Lost status Source of classification or shelving scheme Damaged status Not for loan Home library Current Library Shelving location Date acquired Total checkouts Full call number Barcode Date last seen Date last checked out Copy number Price effective from Koha item type
    Dewey Decimal Classification     GRACE BIBLE COLLEGE GRACE BIBLE COLLEGE Biblical Studies 2017-08-14 10 227.107 MUR 006063 2025-07-10 2025-06-05 c.1 2017-08-14 Books
© Grace Bible College Library 2025